000 00912nam a22002417a 4500
003 UA-OsUOA
001 21693
007 ta
008 20031212b un ||||| |||| 00| 0 ukr d
090 _a34
_bХ91
942 _cBK
040 _aUA-OsUOA
_bukr
_cUA-OsUOA
_dUA-OsUOA
245 _aХрестоматія з правознавства (Збірник актів законодавства до занять з правознавства. Запитання та завдання для вивчення "Хрестоматії з правознавства")
_cСост. Л. Я.КозінцевСост. Л. М.КозаченкоСост. Л. Я.БойкоСост. О. Д.Наровлянський
300 _a560 с.
955 _a0
041 _aukr
080 _a34
020 _a5-7707-9772-Х
260 _aКиїв
_bЮрінком
_c1996
044 _aUA
650 7 _2UDC
999 _c307900
_d307900